Score 0/15 Timer 03:00
1 Play Today
Song Missing Word % Correct
Love Theme from _____ and JulietRomeo
98%
Honky _____ WomenTonk
97.1%
I _____ It Through the GrapevineHeard
96%
Leaving on a ____ PlaneJet
93.9%
Someday We'll Be ______Together
87.1%
In the _____ 2525Year
83.9%
_____ TogetherCome
82.3%
Get _____Back
80.2%
Song Missing Word % Correct
Aquarius/Let the ______ InSunshine
77.1%
______ MindsSuspicious
76.7%
Everyday _____People
72.3%
Wedding _____ BluesBell
72.1%
Crimson and _____Clover
70.8%
Na Na Hey Hey _____ Him GoodbyeKiss
65.8%
I Can't Get _____ to YouNext
46%

Today's Daily Dose

You're not logged in!

Compare scores with friends on all Sporcle quizzes.
OR
Log In

Sporcle TV

Today on Sporcle TV


Watch our educational content, quiz creation guides, and fun videos on Sporcle TV.

Show Comments

Extras

Top Quizzes Today


Score Distribution

Paid Content

Your Account Isn't Verified!

In order to create a playlist on Sporcle, you need to verify the email address you used during registration. Go to your Sporcle Settings to finish the process.

Report this User

Report this user for behavior that violates our Community Guidelines.

Details: